[Event "SLO-chT Central 1st League 20th"]
[Site "Slovenia"]
[Date "2019.11.07"]
[Round "8.3"]
[White "Mijatovic, Nebojsa"]
[Black "Erazem, Franc"]
[Result "1-0"]
[WhiteElo "1808"]
[BlackElo "1514"]
[PlyCount "83"]
[EventDate "2019.09.12"]
[EventType "team-tourn"]
[EventRounds "9"]
[EventCountry "SLO"]
[SourceTitle "EXT 2024"]
[Source "ChessBase"]
[SourceDate "2023.10.10"]
[SourceVersion "1"]
[SourceVersionDate "2023.10.10"]
[SourceQuality "1"]
[WhiteTeam "Menges Trzin II"]
[BlackTeam "Crni Graben"]
[WhiteTeamCountry "SLO"]
[BlackTeamCountry "SLO"]

1. f4 e6 2. Nf3 Nf6 3. e3 b6 4. Be2 Bb7 5. 0-0 Nc6 6. b3 g6 7. Bb2 Bg7 8. Qe1 0-0 9. d3 a5 10. a3 d6 11. Nbd2 Ng4 12. Bxg7 Kxg7 13. Bd1 Qf6 14. Rb1 Qe7 15. Ne4 d5 16. Nf2 Nxf2 17. Qxf2 Qxa3 18. Be2 Qd6 19. Ng5 h6 20. Nf3 Ne7 21. h4 c5 22. h5 Nf5 23. hxg6 fxg6 24. Ne5 d4 25. e4 Ne3 26. Qg3 Rf6 27. Bh5 Nxf1 28. Rxf1 g5 29. Ng6 Qd8 30. Ne5 Qc7 31. Rf3 Qe7 32. fxg5 Rxf3 33. gxh6+ Kh8 34. Qxf3 Rg8 35. Ng6+ Rxg6 36. Bxg6 e5 37. Qg4 Bc6 38. Qc8+ Be8 39. Bxe8 Kh7 40. Qf5+ Kh8 41. Qg6 a4 42. Bf7 1-0

[Event "SLO-chT Central 1st League 20th"]
[Site "Slovenia"]
[Date "2019.10.17"]
[Round "6.2"]
[White "Mijatovic, Nebojsa"]
[Black "Perme, Martin"]
[Result "1/2-1/2"]
[WhiteElo "1808"]
[BlackElo "1489"]
[PlyCount "42"]
[EventDate "2019.09.12"]
[EventType "team-tourn"]
[EventRounds "9"]
[EventCountry "SLO"]
[SourceTitle "EXT 2024"]
[Source "ChessBase"]
[SourceDate "2023.10.10"]
[SourceVersion "1"]
[SourceVersionDate "2023.10.10"]
[SourceQuality "1"]
[WhiteTeam "Menges Trzin II"]
[BlackTeam "Komenda Pogi"]
[WhiteTeamCountry "SLO"]
[BlackTeamCountry "SLO"]

1. f4 d5 2. Nf3 c5 3. e3 Nc6 4. Bb5 a6 5. Bxc6+ bxc6 6. Ne5 Bb7 7. b3 Nf6 8. 0-0 e6 9. Bb2 d4 10. d3 Nd5 11. exd4 Ne3 12. Qe2 Nxf1 13. Na3 cxd4 14. Rxf1 Be7 15. Rf3 c5 16. Rh3 Qd5 17. Nac4 Bd8 18. Rh5 Rg8 19. Ng6 hxg6 20. Rxd5 Bxd5 21. Ne5 Bc7 1/2-1/2

[Event "SLO-chT Central Superliga 15th"]
[Site "Slovenia"]
[Date "2014.11.06"]
[Round "8.3"]
[White "Mijatovic, Nebojsa"]
[Black "Lesjak, Damjan"]
[Result "0-1"]
[WhiteElo "1826"]
[BlackElo "1815"]
[PlyCount "124"]
[EventDate "2014.09.11"]
[EventType "team-tourn"]
[EventRounds "9"]
[EventCountry "SLO"]
[SourceTitle "EXT 2022"]
[Source "ChessBase"]
[SourceDate "2021.10.06"]
[SourceVersion "1"]
[SourceVersionDate "2021.10.06"]
[SourceQuality "1"]
[WhiteTeam "Barob Smarca"]
[BlackTeam "Visnja Gora Sticna"]
[WhiteTeamCountry "SLO"]
[BlackTeamCountry "SLO"]

1. f4 d5 2. Nf3 Nc6 3. e3 g6 4. Be2 Bg7 5. d3 e5 6. 0-0 Nge7 7. c3 0-0 8. Qe1 e4 9. dxe4 dxe4 10. Nd4 a6 11. Nd2 f5 12. N2b3 Qd6 13. a3 Nxd4 14. Nxd4 c5 15. Nc2 b5 16. c4 Be6 17. Rb1 bxc4 18. Bd2 Rab8 19. Bc3 Rb3 20. Bxg7 Kxg7 21. Qc1 c3 22. bxc3 Rfb8 23. Rxb3 Bxb3 24. Rd1 Qc6 25. Kf2 a5 26. Qd2 a4 27. c4 Qf6 28. Rb1 Nc6 29. Na1 Rd8 30. Qb2 Qxb2 31. Rxb2 Na5 32. Nxb3 axb3 33. Ke1 Kf6 34. Rb1 g5 35. Rd1 Rb8 36. Kd2 b2 37. Rb1 Rb3 38. g3 h6 39. Bf1 h5 40. h4 g4 41. Be2 Ke6 42. Bf1 Kd6 43. Be2 Kc6 44. Bf1 Kc7 45. Be2 Nb7 46. Bd1 Rd3+ 47. Ke2 Rxa3 48. Rxb2 Rc3 49. Ba4 Nd6 50. Bb5 Nxb5 51. cxb5 Kb6 52. Kd2 Rd3+ 53. Ke2 c4 54. Rb4 c3 55. Rb1 Rd2+ 56. Ke1 Rb2 57. Rc1 Rb3 58. Kd1 Kxb5 59. Kc2 Kc4 60. Rd1 Rb2+ 61. Kc1 Rg2 62. Rd8 Rxg3 0-1

[Event "Ljubljana-chT 67th"]
[Site "Gostovanja"]
[Date "2014.01.09"]
[Round "1.3"]
[White "Marincek, Bojan"]
[Black "Mijatovic, Nebojsa"]
[Result "0-1"]
[WhiteElo "1755"]
[BlackElo "1837"]
[PlyCount "56"]
[EventDate "2014.01.09"]
[EventType "team-tourn"]
[EventRounds "9"]
[EventCountry "SLO"]
[SourceTitle "EXT 2015"]
[Source "ChessBase"]
[SourceDate "2014.11.20"]
[SourceVersion "1"]
[SourceVersionDate "2014.11.20"]
[SourceQuality "1"]
[WhiteTeam "Crni Graben"]
[BlackTeam "Barob Smarca"]
[WhiteTeamCountry "SLO"]
[BlackTeamCountry "SLO"]

1. e4 Nf6 2. Nc3 d5 3. e5 Ne4 4. d4 Nxc3 5. bxc3 c5 6. Nf3 Bg4 7. Be2 e6 8. 0-0 Nc6 9. Rb1 Rb8 10. Bb5 Be7 11. Ba3 0-0 12. Bxc6 bxc6 13. Rb3 Qa5 14. Qb1 Rxb3 15. cxb3 Qxa3 16. dxc5 Bxf3 17. gxf3 Qxc5 18. Qd3 f6 19. f4 fxe5 20. fxe5 Bh4 21. Qd4 Qe7 22. f4 g5 23. Kh1 Rxf4 24. Rxf4 gxf4 25. Qxf4 Qg5 26. Qd4 Qf5 27. Kg2 Qe4+ 28. Qxe4 dxe4 0-1

[Event "SLO-chT Central Superliga 14th"]
[Site "Slovenia"]
[Date "2013.10.17"]
[Round "4.3"]
[White "Vidic, Teja"]
[Black "Mijatovic, Nebojsa"]
[Result "1-0"]
[WhiteElo "1894"]
[BlackElo "1835"]
[PlyCount "63"]
[EventDate "2013.09.19"]
[EventType "team-tourn"]
[EventRounds "9"]
[EventCountry "SLO"]
[SourceTitle "EXT 2022"]
[Source "ChessBase"]
[SourceDate "2021.10.06"]
[SourceVersion "1"]
[SourceVersionDate "2021.10.06"]
[SourceQuality "1"]
[WhiteTeam "Komenda Pogi"]
[BlackTeam "Barob Smarca"]
[WhiteTeamCountry "SLO"]
[BlackTeamCountry "SLO"]

1. e4 Nf6 2. e5 Nd5 3. d4 d6 4. c4 Nb6 5. exd6 exd6 6. Nc3 Be7 7. h3 Bf5 8. Nf3 0-0 9. Be2 N8d7 10. 0-0 Re8 11. b3 Nf8 12. d5 Nbd7 13. Nd4 Bg6 14. Bb2 Nc5 15. f4 h6 16. b4 Ne4 17. f5 Nxc3 18. Bxc3 Bh7 19. Bh5 Bf6 20. Qf3 Re7 21. Rad1 Qe8 22. Ne6 Bxc3 23. Qxc3 Nxe6 24. dxe6 g6 25. exf7+ Rxf7 26. Rde1 Qc6 27. fxg6 Rg7 28. gxh7+ Kxh7 29. Qc2+ Kh8 30. Rf7 Rag8 31. Rxg7 Rxg7 32. Re8+ 1-0

[Event "SLO-chT 1st League Central"]
[Site "Ljubljana"]
[Date "2012.10.22"]
[Round "7.4"]
[White "Hozjan, Erik"]
[Black "Mijatovic, Nebojsa"]
[Result "1/2-1/2"]
[WhiteElo "1758"]
[BlackElo "1766"]
[PlyCount "92"]
[EventDate "2012.09.06"]
[EventType "team-swiss"]
[EventRounds "9"]
[EventCountry "SLO"]
[SourceTitle "EXT 2019"]
[Source "ChessBase"]
[SourceDate "2018.10.10"]
[SourceVersion "1"]
[SourceVersionDate "2018.10.10"]
[SourceQuality "1"]
[WhiteTeam "Klinicni Center"]
[BlackTeam "Barob Smarca"]
[WhiteTeamCountry "SLO"]
[BlackTeamCountry "SLO"]

1. e4 Nf6 2. e5 Nd5 3. d4 d6 4. c4 Nb6 5. exd6 exd6 6. Bd3 Nc6 7. Be3 Be7 8. Ne2 Bg4 9. h3 Bh5 10. Nbc3 Bf6 11. Qd2 Nb4 12. b3 Nxd3+ 13. Qxd3 Bg6 14. Ne4 Be7 15. Nf4 d5 16. cxd5 Bb4+ 17. Bd2 Bxd2+ 18. Kxd2 0-0 19. Nxg6 hxg6 20. d6 Re8 21. g3 f5 22. dxc7 Qxc7 23. Ng5 Qe7 24. h4 Qb4+ 25. Kd1 Rad8 26. Nf3 Re4 27. a3 Qe7 28. Ra2 Qf6 29. Rd2 Qd6 30. Re1 Rxe1+ 31. Kxe1 Qxa3 32. Ne5 Qc1+ 33. Rd1 Qh6 34. Qf3 Nd5 35. Ra1 a6 36. Kf1 Qh5 37. Qd3 Nf6 38. Qc4+ Kh7 39. Nf7 Re8 40. Ng5+ Kh8 41. Qf7 Qe2+ 42. Kg2 f4 43. Qxg6 fxg3 44. Nf7+ Kg8 45. Nh6+ Kh8 46. Nf7+ Kg8 1/2-1/2

[Event "SLO-chT 1st League Central"]
[Site "Ljubljana"]
[Date "2012.10.04"]
[Round "5.3"]
[White "Jovic, Ivan"]
[Black "Mijatovic, Nebojsa"]
[Result "0-1"]
[WhiteElo "1700"]
[BlackElo "1766"]
[PlyCount "100"]
[EventDate "2012.09.06"]
[EventType "team-swiss"]
[EventRounds "9"]
[EventCountry "SLO"]
[SourceTitle "EXT 2019"]
[Source "ChessBase"]
[SourceDate "2018.10.10"]
[SourceVersion "1"]
[SourceVersionDate "2018.10.10"]
[SourceQuality "1"]
[WhiteTeam "Kamnik DU"]
[BlackTeam "Barob Smarca"]
[WhiteTeamCountry "SLO"]
[BlackTeamCountry "SLO"]

1. e4 Nf6 2. d3 e5 3. Be2 Bc5 4. Nf3 Nc6 5. c3 0-0 6. 0-0 Be7 7. c4 d6 8. Be3 Ng4 9. Bc1 f5 10. h3 Nf6 11. Nc3 f4 12. d4 Ne8 13. dxe5 dxe5 14. Qd5+ Kh8 15. Rd1 Nf6 16. Qb5 Nd4 17. Nxd4 exd4 18. Bxf4 Bd7 19. Rxd4 Bxb5 20. Rxd8 Raxd8 21. Bg5 h6 22. Bxf6 Bxf6 23. Nxb5 Rd2 24. Bf3 c6 25. Nc3 Rxb2 26. Rc1 Bxc3 27. Rxc3 Rd8 28. Re3 Kg8 29. Bh5 Kh7 30. Rf3 Rb1+ 31. Kh2 Re1 32. Rf7 Rxe4 33. Rxb7 Rxc4 34. Rxa7 Rd2 35. Bg4 Rxf2 36. Kg3 Rcc2 37. Bf3 Rxa2 38. Rxa2 Rxa2 39. Bxc6 Ra3+ 40. Bf3 Kg6 41. Kf4 Ra4+ 42. Kg3 Kg5 43. Bd1 Rd4 44. Be2 h5 45. Kf2 g6 46. Ke3 Rb4 47. g3 h4 48. g4 Rb3+ 49. Bd3 Rxd3+ 50. Kxd3 Kf4 0-1

[Event "SLO-chT Central 1st League 12th"]
[Site "Slovenia"]
[Date "2011.10.20"]
[Round "6.3"]
[White "Varga, Ivan"]
[Black "Mijatovic, Nebojsa"]
[Result "0-1"]
[WhiteElo "1482"]
[BlackElo "1713"]
[PlyCount "44"]
[EventDate "2011.09.08"]
[EventType "team-tourn"]
[EventRounds "9"]
[EventCountry "SLO"]
[SourceTitle "EXT 2022"]
[Source "ChessBase"]
[SourceDate "2021.10.06"]
[SourceVersion "1"]
[SourceVersionDate "2021.10.06"]
[SourceQuality "1"]
[WhiteTeam "Dom In Agencija Neprem"]
[BlackTeam "Barob Smarca"]
[WhiteTeamCountry "SLO"]
[BlackTeamCountry "SLO"]

1. e4 c6 2. d4 d5 3. Nc3 dxe4 4. Nxe4 Nf6 5. Ng3 Bg4 6. Nf3 e6 7. h3 Bxf3 8. gxf3 Bd6 9. Bg5 Nbd7 10. c3 Qa5 11. Be3 Nd5 12. Bd2 Qc7 13. Rg1 0-0-0 14. a4 e5 15. c4 N5f6 16. d5 Nb8 17. b4 e4 18. h4 e3 19. Bxe3 Be5 20. Rc1 Rhe8 21. Bh3+ Nbd7 22. Kf1 Bxg3 0-1

[Event "SLO-chT Central 1st League 12th"]
[Site "Slovenia"]
[Date "2011.10.13"]
[Round "5.3"]
[White "Mijatovic, Nebojsa"]
[Black "Jarc, Zan"]
[Result "1-0"]
[WhiteElo "1713"]
[BlackElo "1548"]
[PlyCount "79"]
[EventDate "2011.09.08"]
[EventType "team-tourn"]
[EventRounds "9"]
[EventCountry "SLO"]
[SourceTitle "EXT 2022"]
[Source "ChessBase"]
[SourceDate "2021.10.06"]
[SourceVersion "1"]
[SourceVersionDate "2021.10.06"]
[SourceQuality "1"]
[WhiteTeam "Barob Smarca"]
[BlackTeam "Loka pri Mengsu"]
[WhiteTeamCountry "SLO"]
[BlackTeamCountry "SLO"]

1. f4 d5 2. Nf3 c5 3. e3 Nc6 4. Bb5 Bd7 5. 0-0 e6 6. b3 Nf6 7. Bb2 Be7 8. d3 a6 9. Bxc6 Bxc6 10. Nbd2 b5 11. Ne5 Bb7 12. Qe1 Nd7 13. Nxd7 Qxd7 14. Bxg7 Rg8 15. Bb2 e5 16. f5 Rc8 17. Bxe5 c4 18. d4 f6 19. Bg3 cxb3 20. cxb3 Bb4 21. Qd1 Qe7 22. Bf4 Kd7 23. Rc1 Qg7 24. Rf2 Qg4 25. Nf1 Qxf5 26. Rxc8 Bxc8 27. Qc1 Qe6 28. Qc7+ Ke8 29. Qxh7 Be1 30. Rc2 Bd7 31. Rc7 Qg4 32. Bg3 Bxg3 33. Nxg3 Qg7 34. Qh5+ Kd8 35. Ra7 Re8 36. Qxd5 f5 37. Rxa6 Qg4 38. Ra8+ Kc7 39. Ra7+ Kd8 40. Qxd7# 1-0

[Event "SLO-chT Central 1st League 11th"]
[Site "Slovenia"]
[Date "2010.11.04"]
[Round "7.3"]
[White "Cijan, Alojz"]
[Black "Mijatovic, Nebojsa"]
[Result "1/2-1/2"]
[WhiteElo "1694"]
[BlackElo "1731"]
[PlyCount "20"]
[EventDate "2010.09.09"]
[EventType "team-tourn"]
[EventRounds "9"]
[EventCountry "SLO"]
[SourceTitle "EXT 2022"]
[Source "ChessBase"]
[SourceDate "2021.10.06"]
[SourceVersion "1"]
[SourceVersionDate "2021.10.06"]
[SourceQuality "1"]
[WhiteTeam "Crni Graben"]
[BlackTeam "Barob Smarca"]
[WhiteTeamCountry "SLO"]
[BlackTeamCountry "SLO"]

1. e4 d6 2. d4 Nf6 3. Nc3 g6 4. h3 Nbd7 5. g4 e5 6. Be3 Bg7 7. Nge2 exd4 8. Bxd4 b6 9. Ng3 0-0 10. g5 Ne8 1/2-1/2

[Event "Ljubljana-chT 62nd 2nd League"]
[Site "Ljubljana"]
[Date "2009.03.05"]
[Round "8.2"]
[White "Milanovic, Jure"]
[Black "Mijatovic, Nebojsa"]
[Result "0-1"]
[WhiteElo "1578"]
[BlackElo "1640"]
[PlyCount "62"]
[EventDate "2009.01.08"]
[EventType "team-tourn"]
[EventRounds "9"]
[EventCountry "SLO"]
[SourceTitle "EXT 2022"]
[Source "ChessBase"]
[SourceDate "2021.10.06"]
[SourceVersion "1"]
[SourceVersionDate "2021.10.06"]
[SourceQuality "1"]
[WhiteTeam "Bor Dob II"]
[BlackTeam "Barob Smarca"]
[WhiteTeamCountry "SLO"]
[BlackTeamCountry "SLO"]

1. e4 Nf6 2. Nc3 d5 3. e5 Ne4 4. d4 Nxc3 5. bxc3 c5 6. dxc5 Qa5 7. Qd4 Nc6 8. Qe3 d4 9. Qd3 Bf5 10. Qd2 Qxc5 11. cxd4 Nxd4 12. Bd3 Bxd3 13. Qxd3 Nxc2+ 14. Kf1 Rd8 15. Qe2 Nxa1 16. Bb2 Qd5 17. g3 Qd1+ 18. Qxd1 Rxd1+ 19. Kg2 Nc2 20. Nf3 Rxh1 21. Kxh1 e6 22. Nd2 Ba3 23. Bc3 Bb4 24. Bxb4 Nxb4 25. a3 Nd3 26. f4 g5 27. Ne4 gxf4 28. gxf4 Nxf4 29. Nd6+ Ke7 30. Nxb7 Rg8 31. Nd6 Nh3 0-1